Click on the correct French translation - The colors - Statistics

General Stats
  • This quiz has been taken 165 times
  • The average score is 10 of 11
Answer Stats
Hint Answer % Correct
Blue Bleu
100%
Orange Orange
99%
Pink Rose
98%
Black Noir
96%
Red Rouge
91%
White Blanc
90%
Yellow Jaune
90%
Brown Marron
90%
Green Vert
90%
Purple Violet
88%
Grey Gris
85%
No matching quizzes found
Score Distribution
Percent of People with Each Score
Percentile by Number Answered
Your Score History
You have not taken this quiz